• 首页
  • 本馆介绍
  • 公告通知
  • 最新文献
  • 馆藏检索
  • 电子资源
  • 读者导购
  • 参考咨询
  • 我的图书馆
  • 登录
  • 详细信息显示
  • 放入我的书架
  • 预约/预借图书
  • 作者相关作品
  • 分类相关作品
  • 丛书相关作品
  • 出版社相关作品

书目信息

  • 表格格式
  • 工作单格式
  • 卡片格式
题名:
从相爱到相守
    
 
作者: 简一 主编
分册:  
出版信息: 杭州   浙江人民出版社  2006
页数: 198页
开本: 21cm
丛书名:
单 册:
中图分类: C913.13 , R167
科图分类:
主题词: 结婚--基本知识 , 性知识 , 结婚
电子资源:
ISBN: 7-213-03129-5
000 00920nam0 2200277 450
001 1554149066
005 20150124150241.79
010    @a7-213-03129-5@dCNY20.00
100    @a20060410d2006 em y0chiy50 ea
101 0  @achi
102    @aCN@b330000
105    @ay z 000yy
200 1  @a从相爱到相守@9cong xiang ai dao xiang shou@dLove you more and more@e完美新婚读本@f简一主编@zeng
210    @a杭州@c浙江人民出版社@d2006
215    @a198页@d21cm
330    @a本书内容涉及操办婚礼、挑选蜜月旅行地、避孕、和谐美妙的性爱、经营家庭的技巧、聪明的相处之道等,对婚后会遭遇的主要问题给予了中肯、合理的建议。
510 1  @aLove you more and more@zeng
517 1  @a完美新婚读本@9wan mei xin hun du ben
606 0  @a结婚@x基本知识
606 0  @a性知识
606 0  @a结婚
690    @aC913.13@v5
690    @aR167@v5
701  0 @a简一@9jian yi@4主编
801  0 @aCN@bTSSF@c20150124
905    @aZUCC@dC913.13@eJY258
    
    从相爱到相守=Love you more and more:完美新婚读本/简一主编.-杭州:浙江人民出版社,2006
    198页;21cm
    
    
    ISBN 7-213-03129-5:CNY20.00
    本书内容涉及操办婚礼、挑选蜜月旅行地、避孕、和谐美妙的性爱、经营家庭的技巧、聪明的相处之道等,对婚后会遭遇的主要问题给予了中肯、合理的建议。
●
相关链接 在E读中查询图书 在五车中查询图书 在当当中查询图书 在豆瓣中查询图书


正题名:从相爱到相守     索取号:C913.13/JY258         预约/预借

序号 登录号 条形码 馆藏地/架位号 状态 备注
1 7842284   278422841   学院路分馆/ [索取号:C913.13/JY258] 在馆    
唐山师范学院图书馆 欢迎您!
大连网信软件有限公司© 版权所有